书目信息 |
| 题名: |
有色金属冶金、材料、再生与环保
|
|
| 作者: | 屠海令 主编 | |
| 分册: | ||
| 出版信息: | 北京 化学工业出版社 2003.01 |
|
| 页数: | 523页 | |
| 开本: | 26cm | |
| 丛书名: | ||
| 单 册: | ||
| 中图分类: | TF8 | |
| 科图分类: | ||
| 主题词: | 冶金工业 | |
| 电子资源: | ||
| ISBN: | 7-5025-4183-7 | |
| 000 | 00587nam0 2200193 45 | |
| 001 | 0438607611 | |
| 005 | 2004042810432614 | |
| 010 | @a7-5025-4183-7@dCNY 70.00 | |
| 100 | @a20040428d2003 km y0chiy0120 ea | |
| 101 | 0 | @achi |
| 102 | @aCN@b110000 | |
| 200 | 1 | @a有色金属冶金、材料、再生与环保@Ayou se jin shu ye jin、cai liao、zai sheng yu huan bao@f屠海令等主编@Ftu hai ling deng zhu bian |
| 210 | @a北京@c化学工业出版社@d2003.01 | |
| 215 | @a523页@d26cm | |
| 606 | 0 | @a冶金工业 |
| 690 | @aTF8@v3 | |
| 701 | 0 | @a屠海令@Atu hai ling@4主编 |
| 801 | 0 | @aCN@bPFT@c20040428 |
| 905 | @dTF8@eT920 | |
| 有色金属冶金、材料、再生与环保/屠海令等主编.-北京:化学工业出版社,2003.01 |
| 523页;26cm |
| ISBN 7-5025-4183-7:CNY 70.00 |
| ● |
| 相关链接 |
|
|
|
正题名:有色金属冶金、材料、再生与环保
索取号:TF8/T920
 
预约/预借
| 序号 | 登录号 | 条形码 | 馆藏地/架位号 | 状态 | 备注 |
| 1 | 391218 | 203912187 | 自科库501/501自科库 23排4列1层/ [索取号:TF8/T920] | 在馆 | |
| 2 | 391219 | 203912196 | 自科库501/501自科库 23排4列1层/ [索取号:TF8/T920] | 在馆 | |
| 3 | 391220 | 203912203 | 自科库501/501自科库 23排4列1层/ [索取号:TF8/T920] | 在馆 |